Top 15 Celebrities Born In 1959 - Statistics

General Stats
  • This quiz has been taken 136 times
    95 since last reset
  • The average score is 4 of 15
Answer Stats
Picture Answer % Correct
Simon Cowell
82%
Kevin Spacey
55%
Sting
52%
Weird Al Yankovic
48%
Hugh Laurie
35%
Emma Thompson
33%
Val Kilmer
32%
Jason Alexander
29%
Allison Janney
21%
Bryan Adams
12%
Clancy Brown
11%
Judd Nelson
6%
Kevin Nash
6%
Maggie Baird
1%
Rachel Renee Russell
0%
No matching quizzes found
Score Distribution
Percent of People with Each Score
Percentile by Number Answered
Your Score History
You have not taken this quiz since the last reset